000 005530000a22002050004500
003 LK-CoMWRAF
005 20231030144439.0
008 230817t1994 ||||| |||| 00| 0 eng d
020 _a0856491188
040 _aLK-CoMWRAF
_dLK-CoMWRAF
_eLK-CoMWRAF
041 _aeng
082 _a331.4
_bWOM
245 _aWomen and work
260 _aLondon:
_bZed Books,
_c1994
300 _ax, 160 p. : ill. ; 25 cm.
_bIndex included
490 _aWomen & world development series
650 _aWOMEN-Employment
700 _aBullock, Susan
_ecomp.
942 _cBK
999 _c1536
_d1536